| 000 | 01074nam a2200289 i 4500 | ||
|---|---|---|---|
| 001 | 189041 | ||
| 003 | SpMaBN | ||
| 005 | 20250902225557.0 | ||
| 008 | 190325s2017 sp bd |||| |dspa d | ||
| 020 | _a978-84-92937-69-1 | ||
| 080 | _a330.85(460)"19" | ||
| 080 | _a338.1(460) | ||
| 245 | 0 | 3 |
_aLa competitividad de las regiones españolas ante la economía del conocimiento / _cdirigido por Ernest Reig Martínez ; Francisco Pérez García, Javier Quesada Ibáñez, Lorenzo Serrano Martínez ... [et al.]. |
| 250 | _a1ª ed. | ||
| 260 |
_aBilbao : _bFundación BBVA, _c2017. |
||
| 300 |
_a345 p. : _bgráf., mapas ; _c24 cm. |
||
| 500 | _aÍndices. | ||
| 504 | _aBibliografía: p. 321-329. | ||
| 650 | 7 |
_aEconomía- _zEspaña- _yS.XX. _912011 |
|
| 650 | 7 |
_aEconomía del conocimiento- _zEspaña. _9166669 |
|
| 700 | 1 |
_aReig, Ernest, _d1951- _9166670 |
|
| 700 | 1 |
_aPérez, Francisco, _d1950- _9234242 |
|
| 710 | 2 |
_aFundación BBVA _94230 |
|
| 852 |
_aES-MaACL _jA-14430 _9196178 _bR.151775 _cDEPO1 _dOlim: N-7430 |
||
| 942 | _2udc | ||
| 999 |
_c189041 _d189041 |
||